The Earle of Warwickes gloriovs victory over fifty ships of the King of Denmarkes in the narrow seas : report thereof being made to the House of Commons /

Bibliographic Details
Format: eBook
Language:English
Published: London : Printed for J. Horton, June 15, 1642.
Series:Early English books online.
Subjects:
Online Access:Connect to the full text of this electronic book

MARC

Tag First Indicator Second Indicator Subfields
LEADER 00000nam a2200000Ia 4500
001 in00004294621
005 20200810080431.0
006 m g d
007 cr bn |||a|bb|
008 851017s1642 enk o 00| | eng d
035 |a (OCoLC)12684957 
040 |a EAA  |c EAA  |d m/c  |d WaOLN 
037 |a CL0037000007  |b ProQuest Information and Learning. 300 N. Zeeb Rd., Ann Arbor, MI 48106 
049 |a UMIA 
245 0 4 |a The Earle of Warwickes gloriovs victory over fifty ships of the King of Denmarkes in the narrow seas :  |b report thereof being made to the House of Commons /  |c by a merchant of London that came lately from Norway : with an order from the House of Commons to the Earle of Warwicke, that one and fifty ships should be strongly prepared with 500 pieces of ordnance : also how many hundred thousand pounds the charge of the Navy hath amounted unto, raised out of the bill of tonnage and poundage, and what the King hath received out of the same bill : and how the Earle of Stamford, the Lord Ratham, and Sir Arthur Haslerigg executed the militia in Leicestershire : lastly the totall summe of the money sent by the Parliament to Munster and Dublin in Ireland. 
260 |a London :  |b Printed for J. Horton,  |c June 15, 1642. 
300 |a 1 online resource (8 pages) 
336 |a text  |b txt  |2 rdacontent 
337 |a computer  |b c  |2 rdamedia 
338 |a online resource  |b cr  |2 rdacarrier 
500 |a Reproduction of original in Thomason Collection, British Library. 
510 4 |a Wing  |c E85 
533 |a Electronic reproduction.  |b Ann Arbor, Mich. :  |c UMI,  |d 1999-  |f (Early English books online)  |n Digital version of: (Early English books, 1641-1700 ; 252:E150, no 26)  |7 s1999 miun s 
600 1 0 |a Hesilrige, Arthur,  |c Sir,  |d d. 1661. 
600 1 0 |a Rutham,  |c Lord. 
600 1 0 |a Stamford, Henry Grey,  |c Earl of,  |d 1599?-1673. 
600 1 0 |a Warwick, Robert Rich,  |c Earl of,  |d 1587-1658. 
650 0 |a Naval battles  |z England. 
651 0 |a Great Britain  |x History  |y Civil War, 1642-1649  |v Sources. 
830 0 |a Early English books online. 
856 4 0 |u http://proxy.library.tamu.edu/login?url=https://search.proquest.com/docview/2240994949  |z Connect to the full text of this electronic book  |t 0 
999 f f |s 2e62ca81-c2b8-308a-8e58-3571b93777be  |i 66b140e5-6a3a-3e7a-9fb5-28de62c3c37b  |t 0 
952 f f |a Texas A&M University  |b College Station  |c Electronic Resources  |d Available Online  |t 0  |h No information provided 
998 f f |t 0  |l Available Online